Communes de Corse en langue Corse #2 - Statistiques

Statistiques générales
  • Ce quiz a été pris 16 fois
  • Le résultat moyen est 5 sur 10
Statistiques - réponses
Hint Réponse % Correct
Cauro Cavru
80%
Eccica-Suarella Eccica Suaredda
70%
Sorbollano Surbuddà
60%
Tolla Todda
60%
Sainte-Marie Siché Santa Maria è Sicchè
40%
Zigliara Ziddara
40%
Petreto-Bicchisano Pitretu è Bicchisgià
30%
Pietrosella Pitrusedda
30%
Giuncheto Ghjunchetu
20%
Solaro U Sulaghju
20%
Aucun quiz correspondant
Distribution des résultats
% des personnes avec chaque résultat
Percentile par nombre de réponses
Votre historique - résultats
Vous n’avez pas pris ce quiz